Welcome to CU Library Online Public Access Catalogue (OPAC)

English legal system / (Record no. 73)

MARC details
000 -LEADER
fixed length control field 00990cam a22002298i 4500
001 - CONTROL NUMBER
control field 18449259
005 - DATE AND TIME OF LATEST TRANSACTION
control field 20241019094623.0
008 - FIXED-LENGTH DATA ELEMENTS--GENERAL INFORMATION
fixed length control field 150114s2015 enk 000 0 eng
020 ## - INTERNATIONAL STANDARD BOOK NUMBER
International Standard Book Number 9781292076737
050 00 - LIBRARY OF CONGRESS CALL NUMBER
Classification number KD662
Item number .E45 2015 / E44
082 00 - DEWEY DECIMAL CLASSIFICATION NUMBER
Classification number 349.42
Edition information 23
100 1# - MAIN ENTRY--PERSONAL NAME
Personal name Elliott, Catherine
Dates associated with a name 1966-
Relator term author.
245 10 - TITLE STATEMENT
Title English legal system /
Statement of responsibility, etc. Catherine Elliott and Frances Quinn.
250 ## - EDITION STATEMENT
Edition statement Sixteenth edition.
260 ## - PUBLICATION, DISTRIBUTION, ETC.
Place of publication, distribution, etc. United Kingdom
Name of publisher, distributor, etc. Pearson Education Limited
Date of publication, distribution, etc. 2015
300 ## - PHYSICAL DESCRIPTION
Extent xxxiv, 730 pages
Other physical details Pictures, Charts, Diagrams, Illustrations, Index
Dimensions 25cm
500 ## - GENERAL NOTE
General note Covers a range of topics, exploring how law is made, the structure of the legal system, people working in the law, human rights, dispute resolution, and it includes an introduction to theoretical concepts of law.
650 #0 - SUBJECT ADDED ENTRY--TOPICAL TERM
Topical term or geographic name entry element Law
Geographic subdivision England.
650 #0 - SUBJECT ADDED ENTRY--TOPICAL TERM
Topical term or geographic name entry element Justice, Administration of
Geographic subdivision England.
700 1# - ADDED ENTRY--PERSONAL NAME
Personal name Elliot, Catherine; Quinn, Frances,
Dates associated with a name 1963-
Relator term author.
942 ## - ADDED ENTRY ELEMENTS (KOHA)
Source of classification or shelving scheme Library of Congress Classification
Koha item type Books
Edition Sixteenth Edition
Suppress in OPAC No
999 ## -
-- 73
-- 73
Holdings
Withdrawn status Lost status Source of classification or shelving scheme Damaged status Not for loan Collection Home library Current library Shelving location Date acquired Total checkouts Full call number Barcode Date last seen Copy number Price effective from Koha item type
    Library of Congress Classification     Non-fiction Law Library (Miotso) Law Library (Miotso) Reference 10/19/2024   KD662.E44 ELL llm00000159 10/19/2024 1 10/19/2024 Books
© 2023-2024 Copyright: Central University Libraries. All Rights Reserved | Created by: Mahone Tech Office